| 000 | 00480cam a2200193ua 4500 | ||
|---|---|---|---|
| 001 | 2531 | ||
| 008 | 110826n ii |||gr||||Z||||||asm | ||
| 040 | _cMAIN | ||
| 082 | _a410 | ||
| 100 | 1 |
_aPadun, Nahendra, _eAuthor. |
|
| 245 | 1 |
_aBhasar tattva kotha _ced. by Nahendra Padun |
|
| 250 | _a1st. | ||
| 260 |
_aSibsagarh: _bAssam sahitya sabha,993. |
||
| 300 |
_a375p: _c23cm. |
||
| 653 | _aLanguage | ||
| 653 | _aAssamese language | ||
| 653 | _aBhasar tattva kotha | ||
| 942 | _cBK | ||
| 999 |
_c2384 _d2384 |
||